00728cam a22002057a 450000100090000000300040000900500170001300800410003001000170007102000150008804000130010305000240011608200150014010000210015524501390017626000440031530000200035949000280037950001150040714267515OSt20200309162241.0060215s2004 oku 000 0 eng  a 2006271341 a0892747366 aDLCcDLC00aMLCS 2009/40775 (B) a266bH318U1 aHarrison, Buddy.14aUnderstanding authority for effective leadershipbessentials of understanding authority for effective leadership /cby Buddy Harrison. aTulsa, Okla. :bHarrison House,cc2004. a92 p. ;c16 cm.0 aChristian living series aOriginally published: Understanding authority for effective leadership. Tulsa, Okla. : Harrison House, c1991.